Entry Nombre personal
001 - NÚMERO DE CONTROL
- campo de control: 92994
003 - IDENTIFICADOR DE NÚMERO DE CONTROL
- campo de control: OSt
005 - FECHA Y HORA DE LA ÚLTIMA TRANSACCIÓN
- campo de control: 20250820122759.0
008 - ELEMENTOS DE DATO DE LONGITUD-FIJA
- campo de control de longitud fija: 030304 n acnnnaaan n ann d
040 ## - FUENTE DE CATALOGACIÓN
- Centro catalogador/agencia de origen: OSt
- Centro/agencia transcriptor: OSt
100 1# - ENCABEZAMIENTO-NOMBRE DE PERSONA
- Nombre de persona: Pons, Josep Sebastià,
- Fechas asociadas al nombre: 1886-1962
400 1# - TRAZADO DE VÉASE--NOMBRE DE PERSONA
- Nombre de persona: Pons, J. Sebastià (
- Fechas asociadas al nombre: 1886-1962)
400 1# - TRAZADO DE VÉASE--NOMBRE DE PERSONA
- Nombre de persona: Pons, José Sebastián (
- Fechas asociadas al nombre: 1886-1962)
400 1# - TRAZADO DE VÉASE--NOMBRE DE PERSONA
- Nombre de persona: Pons, Josep S. (
- Fechas asociadas al nombre: 1886-1962)
400 1# - TRAZADO DE VÉASE--NOMBRE DE PERSONA
- Nombre de persona: Pons, Joseph (
- Fechas asociadas al nombre: 1886-1962)
400 1# - TRAZADO DE VÉASE--NOMBRE DE PERSONA
- Nombre de persona: Pons, Joseph-Sebastien (
- Fechas asociadas al nombre: 1886-1962)
400 1# - TRAZADO DE VÉASE--NOMBRE DE PERSONA
- Nombre de persona: Sebastià Pons, Josep (
- Fechas asociadas al nombre: 1886-1962)
